La ciudad de los Césares

Guardado en:
Detalles Bibliográficos
Autor principal: Rojas, Manuel (Autor)
Formato: Libro
Lenguaje:español
Publicado: Santiago Zig-Zag 1990
Edición:20a. ed
Colección:Grandes Clásicos Selectos Zig-Zag
Materias:
Etiquetas: Agregar Etiqueta
Sin Etiquetas, Sea el primero en etiquetar este registro!

MARC

LEADER 00000nam a2200000 a 4500
001 UCH6010
003 CL-VaPUC
008 091109e19900000CL |||||||||||||||||spa|d
082 0 4 |a Ch863  |b ROJ  |2 21 
100 0 |a Rojas, Manuel  |e author  |9 313776 
245 1 3 |a La ciudad de los Césares 
250 |a 20a. ed 
300 |a 153 p 
942 |c BK 
945 |d 20091109 00:00:00  |a lazolas 
260 |a Santiago  |b Zig-Zag  |c 1990 
650 0 |a Novelas chilenas   |9 265425 
650 0 |a Literatura chilena   |9 308278 
583 |a last modification  |c 20091109 00:00:00  |k Rodrigo Vera 
490 0 |a Grandes Clásicos Selectos Zig-Zag 
999 |c 336992  |d 336990